'X' Blitz Quiz Stats

Quiz Updated Dec 10, 2017

Also try: 'Y' Blitz
Challenge
Share
Tweet
Embed
Score 0/40 Timer 05:00
19 Plays Today
Category Answer % Correct
Written Number 1-10Six
94.3%
Finger of the HandIndex
92.6%
Borough of New York CityThe Bronx
87.9%
Santa's ReindeerVixen
87.2%
US StateTexas
86%
Common Childhood IllnessChickenpox
82%
Chinese Zodiac AnimalOx
77.4%
Orchestra InstrumentXylophone
76.3%
Regular Polygon (up to 20 sides)Hexadecagon
73.6%
Communist Manifesto AuthorMarx
72.9%
Simon Cowell TV ShowThe X-Factor
72.5%
North American CountryMexico
72.1%
X-MenProfessor X
68.5%
US PresidentNixon
68.1%
Keanu Reeves MovieMatrix
67.9%
Harry Potter and the ...Order of the Phoenix
65%
ElementOxygen
63.9%
Mythological RiverStyx
61.1%
U.S. Television Broadcast NetworkFox
60.8%
Cat SpeciesLynx
60%
Category Answer % Correct
Book of the BibleExodus
57.9%
Lucy Lawless TV ShowXena: Warrior Princess
56.2%
Branch of the US GovernmentExecutive
56.1%
European CountryLuxembourg
55.2%
English CountyEssex
53.6%
Superman EnemyLex Luthor
52.9%
MLB Team NameRed Sox
50.8%
Greek LetterXi
49.5%
GemstoneOnyx
47.3%
Persian KingXerxes I
46.2%
French Wine RegionBordeaux
44.4%
NFL Team NameHouston Texans
40.2%
Michael C. Hall TV ShowSix Feet Under
37.7%
Fortune 100 US CompaniesExxon Mobil
35%
Human BoneCoccyx
33%
Monopoly SquareIncome Tax
23.9%
AKC Dog BreedBoxer
21%
Pope Name (not numeral)Felix
17.8%
Beatles SongTaxman
13.8%
German StateSaxony
10.6%

You're not logged in!

Compare scores with friends on all Sporcle quizzes.
Sign Up with Email
OR
Log In

You Might Also Like...

Show Comments

Extras

Top Quizzes Today


Score Distribution

Your Account Isn't Verified!

In order to create a playlist on Sporcle, you need to verify the email address you used during registration. Go to your Sporcle Settings to finish the process.

Report this User

Report this user for behavior that violates our Community Guidelines.

Details: